| 000 | 01196nam a2200421 a 4500 | ||
|---|---|---|---|
| 003 | AR-BaBNM | ||
| 005 | 20251128210424.0 | ||
| 008 | 082120s2002 ||||||||||||||000 | spa|| | ||
| 020 | _a950-511-487-7 | ||
| 040 | _cAR-BaBNM | ||
| 100 | 1 | _aCabal, Graciela Beatriz | |
| 245 | 0 | 0 |
_aUna cadena muy importante _bla cadena alimentaria |
| 250 | _a1ª ed. | ||
| 260 |
_aBuenos Aires _bAlfaguara _c1999 |
||
| 300 |
_a39 p. _bil. |
||
| 490 | 0 |
_aEl club de los ecoamigos _vv. 4 |
|
| 500 | _aContiene actividades de aprendizaje | ||
| 650 | 4 | _aEDUCACION AMBIENTAL | |
| 650 | 4 | _aECOLOGIA | |
| 650 | 4 | _aTECNICAS DE ENSEÑANZA | |
| 650 | 4 | _aMEDIO AMBIENTE | |
| 650 | 4 | _aEDUCACION DEL NIÑO | |
| 650 | 4 | _aACTIVIDADES DE APRENDIZAJE | |
| 650 | 4 | _aCONSERVACION DEL MEDIO AMBIENTE | |
| 650 | 4 | _aECOSISTEMAS | |
| 650 | 4 | _aBIOLOGIA ANIMAL | |
| 650 | 4 | _aBIOLOGIA VEGETAL | |
| 650 | 4 | _aCADENAS ALIMENTARIAS | |
| 650 | 4 | _aZOOLOGIA | |
| 650 | 4 | _aCIENCIAS NATURALES | |
| 650 | 4 | _aREPRODUCCION ANIMAL | |
| 650 | 4 | _aMAMIFEROS | |
| 653 | _aTEMAS TRANSVERSALES | ||
| 700 | 1 |
_aNobati, María Eugenia _eilustrador |
|
| 700 | 1 |
_aFiorini, Nancy _eilustrador |
|
| 942 | _cBK | ||
| 998 | _cMARTIN | ||
| 999 |
_c15412 _d15412 |
||